Statistics for Simon & Garfunkel Songs by Lyrics

Click here to take the quiz!

General Stats

  • This quiz has been taken 245 times
  • The average score is 9 of 15

Answer Stats

lyricssong% Correct
Where have you gone, Joe DiMaggio /
Our nation turns its lonely eyes to you
Mrs Robinson
87%
When tears are in your eyes /
I will dry them all
Bridge Over Troubled Water
82%
Remember me to one who lives there /
She once was a true love of mine
Scarborough Fair
78%
And he carries the reminders /
Of ev'ry glove that laid him down and cut him till he cried out in his anger and his shame
The Boxer
77%
Jubilation, she loves me again /
I fall on the floor and I'm laughing
Cecilia
67%
People talking without hearing /
People hearing without listening
Sounds of Silence
64%
Hello lamp post, what ya knowing? /
I've come to watch your flowers growing
The 59th Street Bridge Song
62%
Just slip out the back, Jack, make a new plan, Stan /
Don't need to be coy, Roy, just listen to me
Fifty Ways to Leave Your Lover
56%
So I looked at the scenery, she read her magazine /
And the moon rose over an open field
America
55%
Gazing from my window to the streets below /
On a freshly fallen silent shroud of snow
I am a Rock
54%
August, die she must /
The autumn winds blow chilly and cold
April Come She Will
48%
Orangutangs are skeptical of changes in their cages /
And the zookeeper is very fond of rum
At the Zoo
47%
I get the news I need on the weather report /
I can gather all the news I need on the weather report
The Only Living Boy in New York
42%
Away, I'd rather sail away /
Like a swan that's here and gone
El Condor Pasa
40%
She said a good day ain't got no rain /
She said a bad day is when I lie in the bed and I think of things that might have been
Slip Slidin' Away
24%

Score Distribution

Percentile by Number Answered

Percent of People with Each Score

Your Score History

You have not taken this quiz